| 000 | 00428nam a2200181Ia 4500 | ||
|---|---|---|---|
| 001 | 10229 | ||
| 005 | 20260306161816.0 | ||
| 008 | 260306t1985||||xx |||||||||||||| ||spa|| | ||
| 041 | _aESP | ||
| 082 |
_a909.07 _bV49 |
||
| 100 |
_aVerger, Jacques _eAUT |
||
| 245 | 0 | _aLa alta edad media (siglos V-XIII) | |
| 260 | _c1985 | ||
| 300 |
_a240 páginas : _c20 cm. |
||
| 650 | _aGEN | ||
| 654 | _aCHU | ||
| 942 |
_cLIB _dJUS _fJUS _2ddc _n |
||
| 999 |
_c10229 _d10229 |
||